000 00842nam a22002297a 4500
999 _c2014
_d2014
003 AR-CdUCM
008 190228b ||||| |||| 00| 0 spa d
040 _aMUNICIPALIDAD PROVINCIAL DEL CUSCO
_cBIBLIOTECA MUNICIPAL DEL CUSCO
041 _hfre
082 _a341.8 /
_bS18
100 _aS. I., José Salsmans
_97320
245 _aDeontologia Juridica :
_bMoral Profesional del Abogado /
260 _aBilbao :
_bEl Mensajero del Corazón de Jesús,
_c1947.
300 _a297 paginas ;
_c23 cm.
505 _aImputabilidad -- Ley y deber -- Derecho y justicia -- Leyes determinativas de la Propiedad -- Deberes Profesionales...
650 _aObjeto de la Ley
_97321
650 _aCuidado y legalidad
_97322
650 _aNegligencias
_97323
650 _aPromulgación de leyes
_97324
942 _2ddc
_cLIBROS
945 _awnts
_d2019-02-28